000 00602nam a2200193 a 4500
003 OSt
005 20240226094701.0
008 180228t2013 pk | |||| 00| 0 urd d
040 _c0
082 _a954.9183
_bSOH 2013
100 1 0 _aسوہرروی،کامران اعظم
_9121276
245 1 0 _aتاريخ کراچی
_cKamran Azam Soharwardi
246 _aTareeh Karachi
260 _aKarachi:
_bBook Time;
_c2013.
300 _a335 p.
650 _aKarachi
_99802
942 _2ddc
_cBK
_aSADA
_k954.9183 SOH 2013
999 _c608123
_d608123